000 00481nam a2200133Ia 4500
008 100328s9999 xx 000 0 und d
082 _b47981
100 _aशनवारे ना.कृ.
245 _aअपूर्णातून अपूर्णाकडे
260 _bमॅजेस्टिक
630 _aअपूर्णातून अपूर्णाकडे
730 _aअपूर्णातून अपूर्णाकडे
942 _cBOOK
999 _c535666
_d535663